000
00344nam a2200157Ia 4500
003
Ost
005
20260225132601.0
008
260225s9999||||xx |||||||||||||| ||und||
040
_c
fsic
041
_a
fre
082
_a
302.23
100
_a
fernand terrou
_e
Auteur
245
0
_a
l'information /
245
0
_c
fernand terrou
942
_c
كتاب
999
_c
34751
_d
34751